000 00728nab a2200193 4500
001 244442
003 OSt
005 20250106143805.0
007 tu
008 200917s2020|||||||
040 _aDE-2950
_cDE-2950
245 0 0 _aFotos von 1875 waren gefragte Geschenke
_bGeschichte. Die Stadtansichten von Robert Ochs gehören zu den ältesten Fotografien von Frankfurt (Oder). 1875 waren die Motive auch gefragte Geschenke zu Weihnachten in einer besonderen Buchhandlung/
_cRalf-Rüdiger Targiel
264 _c2024
653 _aFrankfurt (Oder)
653 _aStadtgeschichte
653 _aBuchhandlung Schiefer
773 0 _g35. Jahrgang (2024) Nr. 300 vom 24.12.2024, S. 18 mit Foto
_tMärkische Oderzeitung
942 _2z
_cA
999 _c373528
_d373528